000 00654nam a22002177a 4500
003 UA-OsUOA
001 49710
007 ta
008 20071011b un ||||| |||| 00| 0 ukr d
090 _a82.091
_bА43
942 _cBK
040 _aUA-OsUOA
_brus
_cUA-OsUOA
_dUA-OsUOA
245 _aАктуальные проблемы сравнительного изучения литератур социалистических стран
300 _a285 с.
955 _a1
041 _arus
080 _a82.091
260 _aМ.
_bНаука
_c1978
650 7 _a82 Література. Літературознавство
_2UDC
999 _c335819
_d335819